[Event "Bundesliga 0001"]
[Site "Deutschland"]
[Date "2001.04.29"]
[Round "15.3"]
[White "Boensch, Uwe"]
[Black "Kveinys, Aloyzas"]
[Result "1-0"]
[WhiteElo "2558"]
[BlackElo "2522"]
[PlyCount "70"]
[EventDate "2000.10.14"]
[EventType "team"]
[EventRounds "15"]
[EventCountry "GER"]
[SourceTitle "Bundesliga 0001"]
[Source "DeepChess"]
[SourceDate "2005.01.01"]
[SourceVersion "1"]
[SourceVersionDate "2005.01.01"]
[SourceQuality "1"]
[WhiteTeam "SK Koenig Plauen"]
[BlackTeam "Godesberger SK 1929"]
[WhiteTeamCountry "GER"]
[BlackTeamCountry "GER"]

1. d4 Nf6 2. c4 e6 3. Nf3 Bb4+ 4. Nbd2 O-O 5. a3 Bxd2+ 6. Bxd2 Ne4 7. g3 d6 8.
Bg2 Nd7 9. O-O f5 10. Rc1 Qe7 11. b4 Ndf6 12. Bc3 Bd7 13. Bb2 a5 14. b5 a4 15.
Nd2 c6 16. Nxe4 fxe4 17. bxc6 bxc6 18. Bc3 Rfb8 19. Rb1 Rxb1 20. Qxb1 Be8 21.
Qb6 Qa7 22. Rb1 Qxb6 23. Rxb6 d5 24. c5 Kf8 25. f3 Ra7 26. Kf2 Ke7 27. g4 Kd7
28. Bd2 exf3 29. exf3 Bg6 30. Bf1 Be8 31. Bf4 Ke7 32. Bb8 Ra8 33. Bd6+ Kf7 34.
g5 Nh5 35. Rb7+ Kg8 1-0

[Event "Bundesliga 0001"]
[Site "Deutschland"]
[Date "2001.04.29"]
[Round "15.4"]
[White "Langheinrich, Ferenc"]
[Black "Kindermann, Stefan"]
[Result "0-1"]
[WhiteElo "2384"]
[BlackElo "2519"]
[PlyCount "58"]
[EventDate "2000.10.14"]
[EventType "team"]
[EventRounds "15"]
[EventCountry "GER"]
[SourceTitle "Bundesliga 0001"]
[Source "DeepChess"]
[SourceDate "2005.01.01"]
[SourceVersion "1"]
[SourceVersionDate "2005.01.01"]
[SourceQuality "1"]
[WhiteTeam "Godesberger SK 1929"]
[BlackTeam "SK Koenig Plauen"]
[WhiteTeamCountry "GER"]
[BlackTeamCountry "GER"]

1. d4 d5 2. c4 c6 3. Nf3 Nf6 4. Nc3 a6 5. Bg5 dxc4 6. e4 b5 7. Be2 h6 8. Bh4
Bg4 9. O-O Nbd7 10. e5 Nd5 11. a4 g5 12. Bg3 e6 13. Nd2 Bf5 14. Bf3 Bb4 15. Rc1
N7b6 16. axb5 axb5 17. Be4 Bxc3 18. bxc3 Na4 19. Bxf5 exf5 20. Qh5 Qe7 21. e6
O-O-O 22. exf7 f4 23. Rfe1 Qd7 24. Ne4 Kb8 25. Ra1 Qf5 26. Nd6 Rxd6 27. Re8+
Rd8 28. Rxd8+ Rxd8 29. Qxh6 Qf6 0-1

[Event "Bundesliga 0001"]
[Site "Deutschland"]
[Date "2001.04.29"]
[Round "15.5"]
[White "Espig, Lutz"]
[Black "Jackelen, Thomas"]
[Result "1-0"]
[WhiteElo "2401"]
[BlackElo "2373"]
[PlyCount "103"]
[EventDate "2000.10.14"]
[EventType "team"]
[EventRounds "15"]
[EventCountry "GER"]
[SourceTitle "Bundesliga 0001"]
[Source "DeepChess"]
[SourceDate "2005.01.01"]
[SourceVersion "1"]
[SourceVersionDate "2005.01.01"]
[SourceQuality "1"]
[WhiteTeam "SK Koenig Plauen"]
[BlackTeam "Godesberger SK 1929"]
[WhiteTeamCountry "GER"]
[BlackTeamCountry "GER"]

1. Nf3 Nf6 2. c4 e6 3. g3 d5 4. b3 c5 5. Bg2 Nc6 6. O-O d4 7. e3 e5 8. exd4
cxd4 9. Re1 Nd7 10. Nxe5 Ncxe5 11. f4 Be7 12. fxe5 Nc5 13. Qf3 O-O 14. d3 Qa5
15. Bd2 Qa6 16. b4 Nb3 17. b5 Qa4 18. Qd1 Nc5 19. Qxa4 Nxa4 20. a3 Nc5 21. Bb4
Nxd3 22. Bxe7 Nxe1 23. Bxf8 Kxf8 24. Be4 d3 25. Nd2 Nc2 26. Rc1 Nd4 27. Kf2 Bf5
28. Bxb7 Re8 29. Nf3 Nb3 30. Rd1 f6 31. Bc6 Re7 32. g4 Bg6 33. Nh4 Nc5 34.
Nxg6+ hxg6 35. exf6 gxf6 36. Kf3 g5 37. a4 Rh7 38. Ke3 Ke7 39. Kd4 Kd6 40. Rf1
Rh6 41. Rf5 Ne6+ 42. Kxd3 Rh3+ 43. Bf3 Rxh2 44. Rxf6 Ke7 45. Rf5 Ra2 46. Bd5
Nf4+ 47. Kc3 Rxa4 48. Rxg5 Kd6 49. Rf5 Ne2+ 50. Kb3 Ra1 51. Kb2 Rg1 52. Bf3 1-0

[Event "Bundesliga 0001"]
[Site "Deutschland"]
[Date "2001.04.29"]
[Round "15.6"]
[White "Lukasiewicz, Grzegorz"]
[Black "Seger, Ruediger"]
[Result "0-1"]
[WhiteElo "2338"]
[BlackElo "2399"]
[PlyCount "75"]
[EventDate "2000.10.14"]
[EventType "team"]
[EventRounds "15"]
[EventCountry "GER"]
[SourceTitle "Bundesliga 0001"]
[Source "DeepChess"]
[SourceDate "2005.01.01"]
[SourceVersion "1"]
[SourceVersionDate "2005.01.01"]
[SourceQuality "1"]
[WhiteTeam "SK Koenig Plauen"]
[BlackTeam "Godesberger SK 1929"]
[WhiteTeamCountry "GER"]
[BlackTeamCountry "GER"]

1. e4 c5 2. c3 d5 3. exd5 Qxd5 4. d4 Nf6 5. Nf3 e6 6. Be3 cxd4 7. cxd4 Nc6 8.
Nc3 Qd8 9. a3 Be7 10. Bd3 O-O 11. O-O b6 12. Qe2 Bb7 13. Rad1 a6 14. Rfe1 b5
15. Bg5 Na5 16. Ne5 Rc8 17. Bc2 g6 18. Bd3 Nc4 19. Bb1 Nd6 20. Ba2 Rc7 21. Bxf6
Bxf6 22. d5 exd5 23. Nxd5 Bxd5 24. Rxd5 Re7 25. f4 Qc7 26. Red1 Nf5 27. Rd7
Qc5+ 28. Qf2 Qxf2+ 29. Kxf2 Rfe8 30. Bxf7+ Rxf7 31. Nxf7 Bxb2 32. g4 Ng7 33.
Nh6+ Kh8 34. Ra7 Bxa3 35. Rxa6 Bc5+ 36. Kg3 Re3+ 37. Kh4 Be7+ 38. g5 0-1

[Event "Bundesliga 0001"]
[Site "Deutschland"]
[Date "2001.04.29"]
[Round "15.7"]
[White "Kuraszkiewicz, Michael"]
[Black "Schmidt, Bodo"]
[Result "0-1"]
[WhiteElo "2309"]
[BlackElo "2368"]
[PlyCount "64"]
[EventDate "2000.10.14"]
[EventType "team"]
[EventRounds "15"]
[EventCountry "GER"]
[SourceTitle "Bundesliga 0001"]
[Source "DeepChess"]
[SourceDate "2005.01.01"]
[SourceVersion "1"]
[SourceVersionDate "2005.01.01"]
[SourceQuality "1"]
[WhiteTeam "SK Koenig Plauen"]
[BlackTeam "Godesberger SK 1929"]
[WhiteTeamCountry "GER"]
[BlackTeamCountry "GER"]

1. d4 d5 2. c4 c6 3. Nc3 Nf6 4. Nf3 a6 5. c5 Nbd7 6. Bf4 Nh5 7. Bd2 g6 8. e4
dxe4 9. Nxe4 Ndf6 10. Nxf6+ Nxf6 11. Qb3 Bg7 12. Bc4 O-O 13. O-O Nd5 14. Rfe1
h6 15. Ne5 Kh7 16. Rad1 f6 17. Nd3 g5 18. h4 e6 19. hxg5 hxg5 20. Nb4 Kg6 21.
g4 Rh8 22. Nxd5 cxd5 23. Bd3+ Kf7 24. Kg2 Rh4 25. f3 Qc7 26. Rh1 Bd7 27. Qc2
Rah8 28. Bg6+ Ke7 29. Bh5 Be8 30. Bxe8 Rh2+ 31. Rxh2 Rxh2+ 32. Kf1 Qg3 0-1

[Event "Bundesliga 0001"]
[Site "Deutschland"]
[Date "2001.04.29"]
[Round "15.1"]
[White "Ftacnik, Lubomir"]
[Black "Rogozenko, Dorian"]
[Result "1/2-1/2"]
[WhiteElo "2608"]
[BlackElo "2531"]
[PlyCount "37"]
[EventDate "2000.10.14"]
[EventType "team"]
[EventRounds "15"]
[EventCountry "GER"]
[SourceTitle "Bundesliga 0001"]
[Source "DeepChess"]
[SourceDate "2005.01.01"]
[SourceVersion "1"]
[SourceVersionDate "2005.01.01"]
[SourceQuality "1"]
[WhiteTeam "Hamburger SK 1830 e.V."]
[BlackTeam "USC Magdeburg"]
[WhiteTeamCountry "GER"]
[BlackTeamCountry "GER"]

1. Nf3 d5 2. d4 Nf6 3. c4 c6 4. Nc3 a6 5. h3 e6 6. c5 b6 7. cxb6 Nbd7 8. g3
Qxb6 9. Bg2 Bd6 10. O-O O-O 11. Qc2 c5 12. dxc5 Nxc5 13. Be3 Bd7 14. Nd2 Rac8
15. Nb3 Qb4 16. Bxc5 Bxc5 17. a3 Qb6 18. Nxc5 Qxc5 19. Qd2 1/2-1/2

[Event "Bundesliga 0001"]
[Site "Deutschland"]
[Date "2001.04.29"]
[Round "15.2"]
[White "Slobodjan, Roman"]
[Black "Kempinski, Robert"]
[Result "1/2-1/2"]
[WhiteElo "2539"]
[BlackElo "2498"]
[PlyCount "60"]
[EventDate "2000.10.14"]
[EventType "team"]
[EventRounds "15"]
[EventCountry "GER"]
[SourceTitle "Bundesliga 0001"]
[Source "DeepChess"]
[SourceDate "2005.01.01"]
[SourceVersion "1"]
[SourceVersionDate "2005.01.01"]
[SourceQuality "1"]
[WhiteTeam "USC Magdeburg"]
[BlackTeam "Hamburger SK 1830 e.V."]
[WhiteTeamCountry "GER"]
[BlackTeamCountry "GER"]

1. Nf3 Nf6 2. g3 g6 3. Bg2 Bg7 4. c4 d5 5. cxd5 Nxd5 6. d4 Nb6 7. O-O Nc6 8. e3
O-O 9. Nc3 e5 10. dxe5 Qxd1 11. Rxd1 Nxe5 12. Nxe5 Bxe5 13. e4 Bg4 14. f3 Be6
15. f4 Bg7 16. e5 c6 17. Ne4 Rfd8 18. Re1 Bf8 19. Be3 Bb4 20. Re2 Na4 21. a3
Be7 22. Rc1 Rd3 23. Kf2 a6 24. Rcc2 Rad8 25. Nd2 Bg4 26. Bf3 Bxf3 27. Nxf3 c5
28. g4 b5 29. f5 c4 30. Kg2 c3 1/2-1/2

[Event "Bundesliga 0001"]
[Site "Deutschland"]
[Date "2001.04.29"]
[Round "15.3"]
[White "Hansen, Sune Berg"]
[Black "Baklan, Vladimir"]
[Result "1/2-1/2"]
[WhiteElo "2545"]
[BlackElo "2599"]
[PlyCount "109"]
[EventDate "2000.10.14"]
[EventType "team"]
[EventRounds "15"]
[EventCountry "GER"]
[SourceTitle "Bundesliga 0001"]
[Source "DeepChess"]
[SourceDate "2005.01.01"]
[SourceVersion "1"]
[SourceVersionDate "2005.01.01"]
[SourceQuality "1"]
[WhiteTeam "Hamburger SK 1830 e.V."]
[BlackTeam "USC Magdeburg"]
[WhiteTeamCountry "GER"]
[BlackTeamCountry "GER"]

1. e4 c5 2. Nf3 d6 3. Bc4 Nf6 4. e5 dxe5 5. Nxe5 e6 6. Qe2 a6 7. b3 b5 8. Bd3
Bb7 9. Bb2 Nc6 10. Nxc6 Bxc6 11. O-O Bd6 12. Be5 Bxe5 13. Qxe5 Qd5 14. Qxd5
Nxd5 15. Be4 Nb4 16. Bxc6+ Nxc6 17. Nc3 f5 18. Rfe1 Kf7 19. f3 Rac8 20. Rac1
Rhd8 21. d3 Kf6 22. Kf2 c4 23. dxc4 bxc4 24. Na4 cxb3 25. cxb3 Nb4 26. Rxc8
Rxc8 27. Re2 Rc1 28. Rd2 Nd5 29. Nb2 g5 30. h3 h5 31. Nd3 Rc3 32. Nb2 h4 33.
Nd3 a5 34. Nb2 Nf4 35. Nd1 Rc1 36. Ne3 Ke7 37. Nd1 Nd5 38. Nb2 f4 39. Ke2 Ne3
40. Kd3 Rg1 41. Nc4 Nxg2 42. Nxa5 Ne3 43. b4 Nd5 44. b5 Rf1 45. Nc6+ Kf6 46.
Nd4 Nb6 47. Rc2 Rd1+ 48. Rd2 Rb1 49. Nb3 Rh1 50. Kd4 Rxh3 51. Kc5 Na4+ 52. Kb4
Nb6 53. Kc5 Na4+ 54. Kb4 Nb6 55. Kc5 1/2-1/2

[Event "Bundesliga 0001"]
[Site "Deutschland"]
[Date "2001.04.29"]
[Round "15.4"]
[White "Thesing, Matthias"]
[Black "Wahls, Matthias"]
[Result "0-1"]
[WhiteElo "2438"]
[BlackElo "2568"]
[PlyCount "70"]
[EventDate "2000.10.14"]
[EventType "team"]
[EventRounds "15"]
[EventCountry "GER"]
[SourceTitle "Bundesliga 0001"]
[Source "DeepChess"]
[SourceDate "2005.01.01"]
[SourceVersion "1"]
[SourceVersionDate "2005.01.01"]
[SourceQuality "1"]
[WhiteTeam "USC Magdeburg"]
[BlackTeam "Hamburger SK 1830 e.V."]
[WhiteTeamCountry "GER"]
[BlackTeamCountry "GER"]

1. e4 c5 2. Nc3 d6 3. f4 g6 4. d4 cxd4 5. Qxd4 Nf6 6. e5 Nc6 7. Bb5 Nh5 8. Be3
Bg7 9. O-O-O O-O 10. Bxc6 bxc6 11. Nf3 Bg4 12. Qa4 Bxf3 13. gxf3 Qc7 14. exd6
exd6 15. f5 d5 16. Bc5 Rfb8 17. Rde1 Bxc3 18. bxc3 Rb5 19. Re7 Qb8 20. Rxa7
Rxa7 21. Bxa7 Qe5 22. fxg6 hxg6 23. Qd4 Qe7 24. Qe3 Qa3+ 25. Kd2 Ng7 26. Bd4
Ne6 27. Be5 d4 28. cxd4 Qxa2 29. Re1 Qa5+ 30. Qc3 Qd8 31. Kc1 Qb6 32. Kd2 Rd5
33. Re4 c5 34. Rh4 Rxe5 35. dxe5 Qd8+ 0-1

[Event "Bundesliga 0001"]
[Site "Deutschland"]
[Date "2001.04.29"]
[Round "15.5"]
[White "Mueller, Karsten"]
[Black "Proehl, Holger"]
[Result "1/2-1/2"]
[WhiteElo "2513"]
[BlackElo "2386"]
[PlyCount "82"]
[EventDate "2000.10.14"]
[EventType "team"]
[EventRounds "15"]
[EventCountry "GER"]
[SourceTitle "Bundesliga 0001"]
[Source "DeepChess"]
[SourceDate "2005.01.01"]
[SourceVersion "1"]
[SourceVersionDate "2005.01.01"]
[SourceQuality "1"]
[WhiteTeam "Hamburger SK 1830 e.V."]
[BlackTeam "USC Magdeburg"]
[WhiteTeamCountry "GER"]
[BlackTeamCountry "GER"]

1. e4 e6 2. d4 d5 3. Nc3 dxe4 4. Nxe4 Bd7 5. Nf3 Bc6 6. Bd3 Nd7 7. O-O Ngf6 8.
Ng3 Be7 9. b3 Bxf3 10. Qxf3 c6 11. Bb2 Qa5 12. a3 O-O 13. Rfe1 Rfe8 14. c4 Rad8
15. Re2 Bd6 16. Rae1 Qg5 17. Bc2 Bc7 18. Nf1 Nf8 19. g3 Ng6 20. Qg2 Bb6 21. Nd2
Bxd4 22. Bxd4 Rxd4 23. Nf3 Qc5 24. Nxd4 Qxd4 25. Qf3 Qc5 26. a4 a5 27. Bxg6
hxg6 28. Rd1 Qf5 29. Qxf5 gxf5 30. f3 Kf8 31. Kf2 Ke7 32. Red2 g5 33. h4 gxh4
34. gxh4 Rh8 35. Kg3 e5 36. Kh3 Rg8 37. Rg2 Rh8 38. Re2 Ke6 39. Red2 Ke7 40.
Re2 Ke6 41. Red2 Ke7 1/2-1/2

[Event "Bundesliga 0001"]
[Site "Deutschland"]
[Date "2001.04.29"]
[Round "15.6"]
[White "Stolz, Mike"]
[Black "Gustafsson, Jan"]
[Result "1-0"]
[WhiteElo "2318"]
[BlackElo "2506"]
[PlyCount "79"]
[EventDate "2000.10.14"]
[EventType "team"]
[EventRounds "15"]
[EventCountry "GER"]
[SourceTitle "Bundesliga 0001"]
[Source "DeepChess"]
[SourceDate "2005.01.01"]
[SourceVersion "1"]
[SourceVersionDate "2005.01.01"]
[SourceQuality "1"]
[WhiteTeam "USC Magdeburg"]
[BlackTeam "Hamburger SK 1830 e.V."]
[WhiteTeamCountry "GER"]
[BlackTeamCountry "GER"]

1. e4 c5 2. c3 Nf6 3. e5 Nd5 4. g3 d6 5. exd6 e6 6. Bg2 Bxd6 7. Nf3 Nc6 8. O-O
O-O 9. d4 cxd4 10. Nxd4 Nxd4 11. Qxd4 Qc7 12. Nd2 Bd7 13. Qc4 Bc6 14. Nf3 Rad8
15. Re1 e5 16. Bg5 f6 17. Bd2 Kh8 18. Rad1 Nb6 19. Qe2 Qf7 20. b3 Nd5 21. c4
Ne7 22. Ba5 b6 23. Bc3 a5 24. Rd2 Bc5 25. Red1 Rxd2 26. Rxd2 Qe6 27. Nd4 Bxd4
28. Bxd4 Bxg2 29. Kxg2 Qc6+ 30. f3 Ng6 31. Bf2 f5 32. Qe3 Qf6 33. Kf1 Rb8 34.
Rd5 h6 35. Rb5 e4 36. f4 Rd8 37. Qxb6 Rd6 38. Qb8+ Kh7 39. Rd5 Qa1+ 40. Kg2 1-0

[Event "Bundesliga 0001"]
[Site "Deutschland"]
[Date "2001.04.29"]
[Round "15.7"]
[White "Heinemann, Thies"]
[Black "Meier, Volker"]
[Result "1/2-1/2"]
[WhiteElo "2468"]
[BlackElo "2288"]
[PlyCount "40"]
[EventDate "2000.10.14"]
[EventType "team"]
[EventRounds "15"]
[EventCountry "GER"]
[SourceTitle "Bundesliga 0001"]
[Source "DeepChess"]
[SourceDate "2005.01.01"]
[SourceVersion "1"]
[SourceVersionDate "2005.01.01"]
[SourceQuality "1"]
[WhiteTeam "Hamburger SK 1830 e.V."]
[BlackTeam "USC Magdeburg"]
[WhiteTeamCountry "GER"]
[BlackTeamCountry "GER"]

1. e4 e5 2. Nf3 Nc6 3. Bc4 Bc5 4. c3 Nf6 5. d3 d6 6. Nbd2 a6 7. a4 O-O 8. O-O
Be6 9. h3 h6 10. Re1 Qd7 11. Bb3 Bxb3 12. Nxb3 Ba7 13. Nh4 d5 14. Qf3 dxe4 15.
dxe4 Qe6 16. Nd2 Ne7 17. Nf1 Rad8 18. Ng3 Kh7 19. Nhf5 Nfg8 20. Nxe7 Nxe7
1/2-1/2

[Event "Bundesliga 0001"]
[Site "Deutschland"]
[Date "2001.04.29"]
[Round "15.8"]
[White "Studeny, Steffen"]
[Black "Reeh, Oliver"]
[Result "1/2-1/2"]
[WhiteElo "2271"]
[BlackElo "2420"]
[PlyCount "43"]
[EventDate "2000.10.14"]
[EventType "team"]
[EventRounds "15"]
[EventCountry "GER"]
[SourceTitle "Bundesliga 0001"]
[Source "DeepChess"]
[SourceDate "2005.01.01"]
[SourceVersion "1"]
[SourceVersionDate "2005.01.01"]
[SourceQuality "1"]
[WhiteTeam "USC Magdeburg"]
[BlackTeam "Hamburger SK 1830 e.V."]
[WhiteTeamCountry "GER"]
[BlackTeamCountry "GER"]

1. d4 Nf6 2. Nf3 e6 3. c4 Bb4+ 4. Bd2 Qe7 5. Nc3 Bxc3 6. Bxc3 Ne4 7. Qc2 Nxc3
8. Qxc3 d6 9. g3 O-O 10. Bg2 Re8 11. O-O e5 12. dxe5 dxe5 13. Ne1 c6 14. Nc2
Nd7 15. Rfd1 Nf6 16. h3 h5 17. Ne3 e4 18. Qd4 c5 19. Qd6 Qxd6 20. Rxd6 Be6 21.
Rad1 Rab8 22. b3 1/2-1/2

[Event "Bundesliga 0001"]
[Site "Deutschland"]
[Date "2001.04.29"]
[Round "15.5"]
[White "De Firmian, Nick E"]
[Black "Knaak, Rainer"]
[Result "1-0"]
[WhiteElo "2567"]
[BlackElo "2513"]
[PlyCount "107"]
[EventDate "2000.10.14"]
[EventType "team"]
[EventRounds "15"]
[EventCountry "GER"]
[SourceTitle "Bundesliga 0001"]
[Source "DeepChess"]
[SourceDate "2005.01.01"]
[SourceVersion "1"]
[SourceVersionDate "2005.01.01"]
[SourceQuality "1"]
[WhiteTeam "Luebecker SV von 1873 "]
[BlackTeam "SAbt SV Werder Bremen"]
[WhiteTeamCountry "GER"]
[BlackTeamCountry "GER"]

1. e4 e6 2. d4 d5 3. Nc3 Nf6 4. Bg5 dxe4 5. Nxe4 Be7 6. Bxf6 gxf6 7. Nf3 b6 8.
Bc4 Bb7 9. Qe2 c6 10. O-O-O Qc7 11. Rhe1 Nd7 12. g3 O-O-O 13. c3 Kb8 14. Bb3
Rhe8 15. Kb1 Bf8 16. Nh4 h6 17. f4 f5 18. Nf2 Nf6 19. Nf3 Bd6 20. Ne5 b5 21.
Nfd3 Ne4 22. Bc2 Re7 23. Nc1 c5 24. Qxb5 Bxe5 25. Bxe4 fxe4 26. dxe5 Rxd1 27.
Rxd1 a6 28. Qe2 Rd7 29. Rxd7 Qxd7 30. Kc2 Qa4+ 31. b3 Qa3 32. Qd2 Bc6 33. c4 a5
34. Kb1 Kc8 35. Qd6 Kb7 36. Qe7+ Kb6 37. Qd8+ Kb7 38. Qe7+ Kb6 39. Qxf7 a4 40.
Qxe6 axb3 41. axb3 e3 42. Qd6 e2 43. Nxe2 Qxb3+ 44. Kc1 Qxc4+ 45. Kd2 Qa2+ 46.
Ke3 Qb3+ 47. Qd3 Qe6 48. Nc3 Qh3 49. Qd8+ Kb7 50. Nd5 Bxd5 51. Qxd5+ Kb6 52. e6
Qxh2 53. Qd6+ Kb5 54. e7 1-0

[Event "Bundesliga 0001"]
[Site "Deutschland"]
[Date "2001.04.29"]
[Round "15.8"]
[White "Heissler, Jakob"]
[Black "Hector, Jonny"]
[Result "1/2-1/2"]
[WhiteElo "2447"]
[BlackElo "2509"]
[PlyCount "72"]
[EventDate "2000.10.14"]
[EventType "team"]
[EventRounds "15"]
[EventCountry "GER"]
[SourceTitle "Bundesliga 0001"]
[Source "DeepChess"]
[SourceDate "2005.01.01"]
[SourceVersion "1"]
[SourceVersionDate "2005.01.01"]
[SourceQuality "1"]
[WhiteTeam "SAbt SV Werder Bremen"]
[BlackTeam "Luebecker SV von 1873 "]
[WhiteTeamCountry "GER"]
[BlackTeamCountry "GER"]

1. c4 Nf6 2. g3 c6 3. Bg2 d5 4. Qc2 e5 5. d3 Bd6 6. Nf3 O-O 7. O-O h6 8. Nc3
Re8 9. b3 Bf5 10. Nh4 Be6 11. Bb2 Nbd7 12. Rad1 Rc8 13. e4 Qa5 14. a3 dxc4 15.
dxc4 Qc7 16. h3 a5 17. Nf5 Bf8 18. Ne3 Nc5 19. Na2 Nfd7 20. Nc1 f6 21. Bc3 Ra8
22. b4 Na6 23. Nd3 Nb6 24. c5 Nd7 25. Rb1 axb4 26. axb4 b6 27. cxb6 Qxb6 28.
Rfc1 Rec8 29. Be1 Qd8 30. Qe2 Qe8 31. b5 cxb5 32. Rxc8 Qxc8 33. Rxb5 Nc7 34.
Rb1 Qa6 35. Bf1 Qc6 36. Qc2 Qc3 1/2-1/2

[Event "Bundesliga 0001"]
[Site "Deutschland"]
[Date "2001.04.29"]
[Round "15.1"]
[White "Schlindwein, Rolf"]
[Black "Feygin, Michail"]
[Result "1/2-1/2"]
[WhiteElo "2441"]
[BlackElo "2482"]
[PlyCount "108"]
[EventDate "2000.10.14"]
[EventType "team"]
[EventRounds "15"]
[EventCountry "GER"]
[SourceTitle "Bundesliga 0001"]
[Source "DeepChess"]
[SourceDate "2005.01.01"]
[SourceVersion "1"]
[SourceVersionDate "2005.01.01"]
[SourceQuality "1"]
[WhiteTeam "SF 1982 Baiertal Schatthausen"]
[BlackTeam "SC Hassel KS Gelsenkirchen"]
[WhiteTeamCountry "GER"]
[BlackTeamCountry "GER"]

1. d4 e6 2. Bf4 Nf6 3. e3 b6 4. Nf3 Bb7 5. Nbd2 Be7 6. h3 d6 7. c3 Nbd7 8. Bh2
O-O 9. Qb1 c5 10. Bd3 h6 11. O-O a6 12. b4 cxb4 13. cxb4 b5 14. a4 Qb6 15. Rc1
Nb8 16. axb5 axb5 17. Ra5 Rxa5 18. bxa5 Qxa5 19. Qxb5 Qxb5 20. Bxb5 Rc8 21.
Rxc8+ Bxc8 22. Nc4 Ne4 23. Ne1 Bd7 24. Bxd7 Nxd7 25. Na5 d5 26. Nc6 Kf8 27. Nd3
Ke8 28. f3 Nd2 29. Kf2 Nc4 30. Ke2 Ndb6 31. e4 Bf6 32. Nc5 Be7 33. Kd3 Nb2+ 34.
Kc3 Nd1+ 35. Kd2 Nb2 36. Nb4 dxe4 37. fxe4 N2a4 38. Nba6 Bg5+ 39. Kc2 Be3 40.
Kb3 Nxc5+ 41. dxc5 Nc8 42. Kc4 Na7 43. Bb8 Nc6 44. Kb5 Kd7 45. Kb6 f5 46. exf5
exf5 47. Bd6 g5 48. Nb8+ Nxb8 49. Bxb8 g4 50. hxg4 fxg4 51. Kb5 h5 52. g3 Bf2
53. c6+ Kc8 54. Be5 h4 1/2-1/2

[Event "Bundesliga 0001"]
[Site "Deutschland"]
[Date "2001.04.29"]
[Round "15.2"]
[White "Kishnev, Sergey"]
[Black "Doettling, Fabian"]
[Result "1-0"]
[WhiteElo "2495"]
[BlackElo "2473"]
[PlyCount "63"]
[EventDate "2000.10.14"]
[EventType "team"]
[EventRounds "15"]
[EventCountry "GER"]
[SourceTitle "Bundesliga 0001"]
[Source "DeepChess"]
[SourceDate "2005.01.01"]
[SourceVersion "1"]
[SourceVersionDate "2005.01.01"]
[SourceQuality "1"]
[WhiteTeam "SC Hassel KS Gelsenkirchen"]
[BlackTeam "SF 1982 Baiertal Schatthausen"]
[WhiteTeamCountry "GER"]
[BlackTeamCountry "GER"]

1. d4 d5 2. c4 e6 3. Nc3 Be7 4. Nf3 Nf6 5. Bg5 O-O 6. e3 Nbd7 7. Rc1 a6 8. cxd5
exd5 9. Bd3 c6 10. O-O Re8 11. Qc2 Nf8 12. h3 g6 13. Bh6 Nh5 14. Qb3 Ng7 15.
Rfe1 Ra7 16. e4 Be6 17. exd5 cxd5 18. Na4 Nf5 19. Bxf5 Bxf5 20. Nb6 Be6 21. Bf4
Bd6 22. Bxd6 Qxd6 23. Ng5 Qf4 24. Nxe6 Nxe6 25. Nxd5 Qxd4 26. Rcd1 Qg7 27. Qf3
Rf8 28. Nf6+ Kh8 29. Rd7 Raa8 30. Rxe6 fxe6 31. Rxg7 Kxg7 32. g4 1-0

[Event "Bundesliga 0001"]
[Site "Deutschland"]
[Date "2001.04.29"]
[Round "15.3"]
[White "Berg, Emanuel"]
[Black "Kalka, Arkadius Georg"]
[Result "1-0"]
[WhiteElo "2456"]
[BlackElo "2378"]
[PlyCount "84"]
[EventDate "2000.10.14"]
[EventType "team"]
[EventRounds "15"]
[EventCountry "GER"]
[SourceTitle "Bundesliga 0001"]
[Source "DeepChess"]
[SourceDate "2005.01.01"]
[SourceVersion "1"]
[SourceVersionDate "2005.01.01"]
[SourceQuality "1"]
[WhiteTeam "SF 1982 Baiertal Schatthausen"]
[BlackTeam "SC Hassel KS Gelsenkirchen"]
[WhiteTeamCountry "GER"]
[BlackTeamCountry "GER"]

1. e4 c5 2. Nf3 d6 3. d4 cxd4 4. Nxd4 Nf6 5. Nc3 g6 6. Be3 Bg7 7. f3 Nc6 8. Qd2
O-O 9. Bc4 Nd7 10. Bb3 Nb6 11. Nd5 Nxd5 12. exd5 Nxd4 13. Bxd4 Bxd4 14. Qxd4 a5
15. a4 Re8 16. O-O-O e5 17. dxe6 Bxe6 18. Qxd6 Qxd6 19. Rxd6 Bxb3 20. cxb3 Re2
21. Kb1 Rxg2 22. Rb6 Rd8 23. b4 Rd7 24. bxa5 Rd4 25. Rxb7 Rxa4 26. Rb5 h5 27.
h3 h4 28. Re1 Rf2 29. Re4 Rf1+ 30. Kc2 Rf2+ 31. Kb3 Ra1 32. Rxh4 Rxf3+ 33. Kb4
Kg7 34. Kc5 f5 35. Kb6 Re3 36. b4 Re6+ 37. Ka7 g5 38. Rc4 Kf6 39. Rcc5 Re7+ 40.
Rb7 Re6 41. Rb6 Ra3 42. a6 Rxh3 1-0

[Event "Bundesliga 0001"]
[Site "Deutschland"]
[Date "2001.04.29"]
[Round "15.4"]
[White "Kotter, Ralf"]
[Black "Buhmann, Rainer"]
[Result "1/2-1/2"]
[WhiteElo "2369"]
[BlackElo "2416"]
[PlyCount "89"]
[EventDate "2000.10.14"]
[EventType "team"]
[EventRounds "15"]
[EventCountry "GER"]
[SourceTitle "Bundesliga 0001"]
[Source "DeepChess"]
[SourceDate "2005.01.01"]
[SourceVersion "1"]
[SourceVersionDate "2005.01.01"]
[SourceQuality "1"]
[WhiteTeam "SC Hassel KS Gelsenkirchen"]
[BlackTeam "SF 1982 Baiertal Schatthausen"]
[WhiteTeamCountry "GER"]
[BlackTeamCountry "GER"]

1. e4 c5 2. Nf3 Nc6 3. Bb5 g6 4. O-O Bg7 5. Nc3 e5 6. d3 Nge7 7. Be3 d6 8. Qd2
h6 9. Ne1 g5 10. Bc4 Be6 11. Bxe6 fxe6 12. Ne2 Ng6 13. c3 O-O 14. g3 Nd4 15. f3
Nxe2+ 16. Qxe2 Rc8 17. Ng2 d5 18. c4 Rf7 19. Rac1 b6 20. Rc2 Qd7 21. Bc1 Rcf8
22. h3 Ne7 23. Be3 Nc6 24. a3 a5 25. b3 a4 26. bxa4 dxc4 27. dxc4 Nd4 28. Bxd4
exd4 29. Qd3 Qxa4 30. Rb2 Qa5 31. Rb3 Kh8 32. h4 Be5 33. hxg5 hxg5 34. f4 Qa7
35. Qd1 d3 36. Rxd3 Bd4+ 37. Rxd4 cxd4 38. Qxd4+ Kg8 39. Qe5 Qxa3 40. Qxe6 Qxg3
41. fxg5 Qxg5 42. Rf4 Qe7 43. Rg4+ Kh8 44. Rh4+ Kg8 45. Rg4+ 1/2-1/2